| 000 | 00933nam a2200301Ia 4500 | ||
|---|---|---|---|
| 003 | OSt | ||
| 005 | 20220912145258.0 | ||
| 006 | a|||||r|||| 00| 0 | ||
| 007 | ta | ||
| 008 | 220909b |||||||| |||| 00| 0 eng d | ||
| 020 | _a0471223638 (pbk) | ||
| 024 | _a81750 | ||
| 037 | _b173, 18/09/2008, Ashutosh Technical Books | ||
| 037 | _cTextual | ||
| 040 |
_aCSL _beng _cCSL |
||
| 041 | _aeng | ||
| 082 | _aC9B3, L6-;3 | ||
| 100 | _aDuderstadt James J | ||
| 245 | 0 | _aNuclear reactor analysis | |
| 260 |
_aMichigan _bJohn Wiley & Sons. _c1976 |
||
| 300 |
_axvii, 650p. _ccm. |
||
| 500 | _aIncludes bibiographical references.; Appendices A-H, 605-637p.; Index 639-650p. | ||
| 650 | _a Nuclear reactors | ||
| 650 | _aPhysics | ||
| 700 | _a Hamilton Louis J | ||
| 942 |
_hC9B3, L6-;3 _cTEXL _2CC |
||
| 999 |
_c27756 _d27756 |
||